<?xml version="1.0" encoding="UTF-8"?>
<marc:record xmlns:marc="http://www.loc.gov/MARC21/slim">
   <marc:leader>00000nam a2200000 a 4500</marc:leader>
   <marc:datafield ind1="1" ind2=" " tag="100">
      <marc:subfield code="a">Blanck, Ulf</marc:subfield>
      <marc:subfield code="4">aut</marc:subfield>
      <marc:subfield code="e">Verfasser/-in</marc:subfield>
   </marc:datafield>
   <marc:datafield ind1="0" ind2="0" tag="245">
      <marc:subfield code="a">Die drei ??? Kids, Bd. 90</marc:subfield>
   </marc:datafield>
   <marc:datafield ind1="0" ind2="0" tag="245">
      <marc:subfield code="b">Flug ins Nichts</marc:subfield>
   </marc:datafield>
   <marc:datafield ind1="0" ind2="0" tag="245">
      <marc:subfield code="c">Blanck, Ulf</marc:subfield>
   </marc:datafield>
   <marc:datafield ind1=" " ind2="1" tag="264">
      <marc:subfield code="c">2022</marc:subfield>
   </marc:datafield>
   <marc:datafield ind1="1" ind2=" " tag="520">
      <marc:subfield code="a">Justus, Peter und Bob sind beste Freunde und Detektive! Zusammen haben die drei ??? schon viele knifflige Fälle gelöst. Aufregung in Rocky Beach! Zum Stadtfest wird mitten auf dem Marktplatz eine spektakuläre Attraktion aufgebaut: ein Skydiving-Windkanal zum schwerelosen Fliegen. Doch dann droht jemand, die Anlage zu sabotieren. Die drei ??? Kids wollen den fiesen Erpresser entlarven und rätseln über sein Motiv: Geht es um Geld oder könnte Rache im Spiel sein? Justus, Peter und Bob starten einen detektivischen Höhenflug und finden eine Spur, die in die Vergangenheit führt.</marc:subfield>
   </marc:datafield>
   <marc:datafield ind1=" " ind2=" " tag="020">
      <marc:subfield code="a">9783440173145</marc:subfield>
      <marc:subfield code="9">9783440173145</marc:subfield>
   </marc:datafield>
   <marc:datafield ind1=" " ind2=" " tag="020">
      <marc:subfield code="a">3440173143</marc:subfield>
      <marc:subfield code="9">3440173143</marc:subfield>
   </marc:datafield>
   <marc:datafield ind1=" " ind2=" " tag="338">
      <marc:subfield code="a">Band</marc:subfield>
   </marc:datafield>
   <marc:datafield ind1=" " ind2=" " tag="300">
      <marc:subfield code="a">128 S.</marc:subfield>
   </marc:datafield>
</marc:record>
